|
|
|
|
| LEADER |
00885pam a22002778a 4500 |
| 001 |
00030651 |
| 005 |
20171026081025.0 |
| 008 |
130523s2011 ||||||viesd |
| 020 |
|
|
|c 49000
|
| 041 |
0 |
# |
|a vie
|
| 082 |
1 |
4 |
|a 158.7
|b GI108TR
|
| 100 |
1 |
# |
|a Vũ, Dũng
|
| 245 |
1 |
0 |
|a Giáo trình tâm lí học quản lí
|c Vũ Dũng
|
| 250 |
# |
# |
|a In lần thứ ba
|
| 260 |
# |
# |
|a Hà Nội
|b Đại học sư phạm
|c 2011
|
| 300 |
# |
# |
|a 351 tr.
|c 21 cm.
|
| 653 |
# |
# |
|a Giáo trình
|
| 653 |
# |
# |
|a Tâm lí học
|
| 653 |
# |
# |
|a Quản lí
|
| 653 |
# |
# |
|a Lãnh đạo
|
| 852 |
# |
# |
|b Kho giáo trình
|j KGT.0038171, KGT.0038172
|
| 852 |
# |
# |
|j KD.0014568
|j KGT.0038172
|j KGT.0038171
|
| 852 |
# |
# |
|b Kho đọc
|j KD.0014568
|
| 852 |
# |
# |
|b Kho mượn
|j KGT.0038171
|
| 910 |
|
|
|d 23/05/2013
|
| 980 |
# |
# |
|a Trung tâm Học liệu Lê Vũ Hùng, Trường Đại học Đồng Tháp
|